Vista normal Vista MARC
  • Materia; Energía; Interacciones físicas; Cambios de la materia; Física básica

Entrada Topical Term

Número de registros utilizados en: 1

001 - CONTROL NUMBER

  • control field: 4211

003 - CONTROL NUMBER IDENTIFIER

  • control field: MX-ChCB

005 - DATE AND TIME OF LATEST TRANSACTION

  • control field: 20260128134121.0

008 - FIXED-LENGTH DATA ELEMENTS

  • fixed length control field: 260128|| aca||aabn | a|a d

040 ## - CATALOGING SOURCE

  • Original cataloging agency: MX-ChCB
  • Transcribing agency: MX-ChCB

150 ## - HEADING--TOPICAL TERM

  • Topical term or geographic name entry element: Materia; Energía; Interacciones físicas; Cambios de la materia; Física básica
  • Form subdivision: Libro de texto
  • General subdivision: Educación media superior

670 ## - SOURCE DATA FOUND

  • Source citation: Work cat.: (MX-ChCB): Martínez Márquez, Eduardo 4210, La materia y sus interacciones, 2023

 


Coordinación de bibliotecas. Departamento de Servicios Académicos. Dirección Académica. 


<!-- Google tag (gtag.js) --> <script async src="https://www.googletagmanager.com/gtag/js?id=G-0C4V1VENB7"></script> <script> window.dataLayer = window.dataLayer || []; function gtag(){dataLayer.push(arguments);} gtag('js', new Date()); gtag('config', 'G-0C4V1VENB7'); </script>

//]]>